Fizika poluprovodnikovych priborov

Enregistré dans:
Détails bibliographiques
Auteurs principaux: Vikulin, Ivan M. (Auteur), Stafejev, Vitalij I. (Auteur)
Format: Livre
Langue:russe
Publié: Moskva : Sovetskoje radio, 1980
Tags: Ajouter un tag
Pas de tags, Soyez le premier à ajouter un tag!

MARC

LEADER 00000nam a22000003a 4500
001 stu146713
005 20150617225936.6
008 071016s1980----xxr-----------------rus-d
040 |a STU  |b slo 
041 0 |a rus 
044 |a xxr 
080 |a 621.382 
080 |a 537.311.3  |7 stu_us_auth*stu5974 
100 1 |a Vikulin, Ivan M.  |4 aut 
245 1 |a Fizika poluprovodnikovych priborov 
260 |a Moskva :  |b Sovetskoje radio,  |c 1980 
300 |a 295 s 
700 1 |a Stafejev, Vitalij I.  |4 aut 
996 |b E45272  |c E*45272  |l EE05  |s P  |a 0  |w stu146713_0001 
996 |b E45605  |c E*45605  |l EE05  |s P  |a 0  |w stu146713_0002